000 00420nam a2200157Ia 4500
008 240729s9999 xx 000 0 und d
022 _a2069-6175
245 0 _aRomanian Journal of Pediatrics
260 _aRomania
260 _bAmaltea Medical Publishing House
650 _a Pediatrics
650 _aMedicine
856 _uhttps://doaj.org/toc/657c9950b4c647da919a034a0b220db3
942 _2ddc
942 _cDOAJEJ
999 _c67077
_d67077
945 _a1
_bMadushi Gamage
_c1
_dMadushi Gamage